| 000 | 01115nam a2200277 i 4500 | ||
|---|---|---|---|
| 001 | 185499 | ||
| 003 | SpMaBN | ||
| 005 | 20250430201233.0 | ||
| 008 | 160613s1979 sp ach |||| |dspa d | ||
| 020 | _a84-7455-018-1 | ||
| 080 | _a821.134.2-14"19" | ||
| 080 | _a929 Díez-Canedo, Enrique | ||
| 100 | 1 |
_aDíez-Canedo, Enrique, _d1879-1944 _944685 |
|
| 245 | 1 | 0 |
_aAntología poética / _cEnrique Díez-Canedo ; edición de José María Fernández Gutiérrez. |
| 260 |
_aSalamanca : _bAlmar, _c[1979] |
||
| 300 |
_a159 p. : _bil., retr. ; _c17 cm. |
||
| 490 | 1 |
_aPatio de escuelas ; _v14 |
|
| 500 | _aCronología. | ||
| 504 | _aBibliografía: p. [35]-38. | ||
| 599 | _aLas il. son: Un retr. del autor. Dibujos de: Bagaría, José Moreno Villa, Arturo Souto, Miguel Prieto. Y reprod. facs. de "Los Laureles reales de Cuernavaca" | ||
| 600 | 1 | 4 |
_aDíez-Canedo, Enrique, _d1879-1944 _944685 |
| 700 | 1 |
_aFernández Gutiérrez, José María, _d1942- _9240172 |
|
| 830 | 0 |
_aPatio de escuelas ; _v14 _9225229 |
|
| 852 |
_aES-MaACL _jL-30387 _z. - Donat. Miguel A. Velasco |
||
| 999 |
_c185499 _d185499 |
||